Cesty videa

Gespeichert in:
Bibliographische Detailangaben
1. Verfasser: Neumann, Karel
Weitere Verfasser: Kulík, Tomáš, Zeman, Tomáš
Format: Buch
Sprache:Tschechisch
Veröffentlicht: Praha Nakl. dopr. a spojů 1989
Ausgabe:1. vyd.
Schriftenreihe:Směr Sv.7
Tags: Tag hinzufügen
Keine Tags, Fügen Sie das erste Tag hinzu!

MARC

LEADER 00000nam a2200000 4500
001 c033208
005 20221215115811.3
041 0 |a cze 
044 |a CZ 
245 1 0 |a Cesty videa  |c Karel Neumann, Tomáš Kulík, Tomáš Zeman 
250 |a 1. vyd. 
264 1 |a Praha  |b Nakl. dopr. a spojů  |c 1989 
300 |a 154 s. 
490 1 |a Směr  |v Sv.7 
830 0 |a Směr  |v Sv.7 
100 1 |a Neumann, Karel 
700 1 |a Kulík, Tomáš 
700 1 |a Zeman, Tomáš